00441nam a2200169Ia 450000100060000000800410000602000180004704000130006508200180007810000160009624500470011226000570015930000110021654600070022765000140023470000230024860887141120s9999 xx 000 0 und d a9780226030135 cPK-LaUMT a 321.9bSTR-t aStauss, Leo aOn tyrannycStauss, Leo|Gourevitch, Victor aChicago,USA:bThe University of Chicago Press,c2013 a336 p. aEN aDespotism aGourevitch, Victor